[Event "Klaipeda Rooks Cup"]
[Site "Klaipeda"]
[Date "2022.03.15"]
[Round "1"]
[White "Jablokov, Dmitrij"]
[Black "Vaitkunas, Pijus"]
[Result "1-0"]
[WhiteElo "2018"]
[BlackElo "1060"]
[PlyCount "89"]
[EventDate "2022.03.15"]
[EventType "swiss"]
[EventRounds "8"]
[EventCountry "LTU"]
[SourceTitle "CBM 207 Extra"]
[Source "ChessBase"]
[SourceDate "2022.05.31"]
[SourceVersion "1"]
[SourceVersionDate "2022.05.31"]
[SourceQuality "1"]

1. Nf3 d5 2. b3 Nc6 3. Bb2 Bf5 4. e3 Nf6 5. Bb5 a6 6. Be2 e6 7. 0-0 Bd6 8. c4 0-0 9. Nc3 Re8 10. Rc1 Qe7 11. Na4 Bc5 12. cxd5 Nxd5 13. Nxc5 Rab8 14. e4 Ndb4 15. exf5 exf5 16. Re1 Qd6 17. a3 Nd5 18. Bf1 Red8 19. Qc2 Nce7 20. Be5 Qb6 21. Qb2 f6 22. Bd4 Qd6 23. Re6 Qf4 24. Rxe7 Nxe7 25. Ne6 Qd6 26. Nxd8 Rxd8 27. Bc5 Qd7 28. Bxe7 Qxe7 29. Re1 Qd6 30. Bc4+ Kf8 31. Qb1 b5 32. Qxf5 g6 33. Qe6 Qxe6 34. Rxe6 bxc4 35. bxc4 Kf7 36. Rxa6 Rb8 37. Kf1 h5 38. Ra7 Rc8 39. a4 Ke6 40. a5 c5 41. a6 Rc6 42. d4 Kd6 43. Rf7 Ke6 44. d5+ Kxf7 45. dxc6 1-0

[Event "Klaipeda-ch"]
[Site "Klaipeda"]
[Date "2022.02.06"]
[Round "8"]
[White "Jablokov, Dmitrij"]
[Black "Barsciauskas, Gintautas"]
[Result "1-0"]
[WhiteElo "2010"]
[BlackElo "1525"]
[PlyCount "72"]
[EventDate "2022.01.15"]
[EventType "tourn"]
[EventRounds "11"]
[EventCountry "LTU"]
[SourceTitle "EXT 2023"]
[Source "ChessBase"]
[SourceDate "2022.10.05"]
[SourceVersion "1"]
[SourceVersionDate "2022.10.05"]
[SourceQuality "1"]

1. Nf3 Nf6 2. g3 d5 3. Bg2 c5 4. 0-0 g6 5. d4 Na6 6. Nc3 Bg7 7. Be3 cxd4 8. Nxd4 Nc7 9. Ndb5 Nxb5 10. Nxb5 a6 11. Nc3 Be6 12. Na4 b5 13. Nc5 Bc8 14. c3 0-0 15. a4 b4 16. cxb4 Rb8 17. Qb3 e5 18. Bg5 e4 19. Bf4 Rb6 20. Rac1 Qe7 21. a5 Rb5 22. Rfd1 Re8 23. Bf1 Nh5 24. Be3 Be6 25. Bd4 f5 26. e3 Reb8 27. Nxa6 Bxd4 28. Rxd4 R8b7 29. Bxb5 Rxb5 30. Nc7 Rb8 31. Nxe6 Qxe6 32. Rxd5 Kg7 33. b5 Nf6 34. Rd3 Qe5 35. Qc3 Rxb5 36. Qxe5 Rxe5 1-0

[Event "Klaipeda-ch"]
[Site "Klaipeda"]
[Date "2022.01.30"]
[Round "6"]
[White "Jablokov, Dmitrij"]
[Black "Jankus, Giedrius"]
[Result "1-0"]
[WhiteElo "2010"]
[BlackElo "1712"]
[PlyCount "75"]
[EventDate "2022.01.15"]
[EventType "tourn"]
[EventRounds "11"]
[EventCountry "LTU"]
[SourceTitle "EXT 2023"]
[Source "ChessBase"]
[SourceDate "2022.10.05"]
[SourceVersion "1"]
[SourceVersionDate "2022.10.05"]
[SourceQuality "1"]

1. Nf3 Nf6 2. g3 d5 3. Bg2 Bg4 4. 0-0 e6 5. c4 Nbd7 6. b3 g6 7. Bb2 Bxf3 8. Bxf3 c6 9. cxd5 exd5 10. e4 dxe4 11. Re1 Bg7 12. d3 0-0 13. dxe4 Nc5 14. Qc2 Ne6 15. Na3 Nd4 16. Qd3 Nxf3+ 17. Qxf3 Qe7 18. Nc4 Rfe8 19. Rad1 Rad8 20. Ba3 Rxd1 21. Qxd1 Qe6 22. f3 b6 23. Qd2 h5 24. Rd1 h4 25. Kg2 hxg3 26. hxg3 c5 27. Qd3 Re7 28. Qd8+ Re8 29. Qd6 Qxd6 30. Rxd6 Kf8 31. e5 Ng8 32. f4 Ke7 33. b4 Rc8 34. bxc5 bxc5 35. Ra6 Bf8 36. Nd6 Rc7 37. Nb5 Rd7 38. Bxc5+ 1-0

[Event "Klaipeda-ch"]
[Site "Klaipeda"]
[Date "2022.01.15"]
[Round "1"]
[White "Buivydas, Skirmantas"]
[Black "Jablokov, Dmitrij"]
[Result "0-1"]
[WhiteElo "1675"]
[BlackElo "2010"]
[PlyCount "66"]
[EventDate "2022.01.15"]
[EventType "tourn"]
[EventRounds "11"]
[EventCountry "LTU"]
[SourceTitle "EXT 2023"]
[Source "ChessBase"]
[SourceDate "2022.10.05"]
[SourceVersion "1"]
[SourceVersionDate "2022.10.05"]
[SourceQuality "1"]

1. Nf3 Nf6 2. g3 g6 3. Bg2 Bg7 4. c4 0-0 5. Nc3 d5 6. cxd5 Nxd5 7. 0-0 Nc6 8. Qb3 Nb6 9. d3 Bg4 10. Be3 e5 11. Rac1 Nd4 12. Bxd4 exd4 13. Ne4 Qe7 14. Nc5 c6 15. a4 Rab8 16. Rfe1 Nd7 17. Qc4 Rfe8 18. Nxd7 Qxd7 19. b4 Be6 20. Qc2 a6 21. Nd2 h5 22. Ne4 Bd5 23. Nc5 Qd6 24. Bxd5 Qxd5 25. Qc4 Qf5 26. Nb3 Qg4 27. Rc2 h4 28. e3 b5 29. axb5 cxb5 30. Qd5 dxe3 31. fxe3 hxg3 32. Qg2 gxh2+ 33. Kxh2 Qh4+ 0-1

[Event "LTU-ch U18"]
[Site "Vilnius"]
[Date "2021.06.03"]
[Round "3"]
[White "Jablokov, Dmitrij"]
[Black "Mickus, Benas"]
[Result "1-0"]
[WhiteElo "1964"]
[BlackElo "1974"]
[PlyCount "47"]
[EventDate "2021.06.02"]
[EventType "swiss"]
[EventRounds "7"]
[EventCountry "LTU"]
[SourceTitle "EXT 2023"]
[Source "ChessBase"]
[SourceDate "2022.10.05"]
[SourceVersion "1"]
[SourceVersionDate "2022.10.05"]
[SourceQuality "1"]

1. Nf3 d5 2. g3 Nf6 3. Bg2 e6 4. 0-0 b5 5. d3 Bb7 6. Bf4 c5 7. c4 dxc4 8. dxc4 Qxd1 9. Rxd1 b4 10. a3 Nbd7 11. Nbd2 Be7 12. Nb3 0-0 13. axb4 cxb4 14. Ne5 Bxg2 15. Nxd7 Be4 16. Nxf8 Kxf8 17. Rd2 Ne8 18. f3 Bg6 19. e4 f6 20. Rd7 a6 21. Be3 Nd6 22. Bc5 Nc8 23. Bxe7+ Nxe7 24. Nc5 1-0

[Event "LTU-ch U18"]
[Site "Vilnius"]
[Date "2021.06.03"]
[Round "2"]
[White "Stremavicius, Pijus"]
[Black "Jablokov, Dmitrij"]
[Result "1/2-1/2"]
[WhiteElo "2228"]
[BlackElo "1964"]
[PlyCount "87"]
[EventDate "2021.06.02"]
[EventType "swiss"]
[EventRounds "7"]
[EventCountry "LTU"]
[SourceTitle "EXT 2023"]
[Source "ChessBase"]
[SourceDate "2022.10.05"]
[SourceVersion "1"]
[SourceVersionDate "2022.10.05"]
[SourceQuality "1"]

1. e4 c6 2. Nc3 d5 3. Nf3 Bg4 4. h3 Bxf3 5. Qxf3 e6 6. Be2 Nd7 7. d4 dxe4 8. Nxe4 Ngf6 9. 0-0 Nxe4 10. Qxe4 Nf6 11. Qd3 Be7 12. Bf3 0-0 13. Rd1 Qc7 14. c4 Rad8 15. Be3 Rfe8 16. Qc3 h6 17. Rac1 Bd6 18. g3 e5 19. c5 Bf8 20. dxe5 Nd7 21. e6 Rxe6 22. Bf4 Qc8 23. Bg4 Re7 24. Bd6 Ree8 25. Bxf8 Rxf8 26. Qd3 Ne5 27. Qe4 Nxg4 28. hxg4 Rfe8 29. Qa4 Re2 30. b3 a6 31. Rd6 Rde8 32. Rcd1 h5 33. R1d4 hxg4 34. Rxg4 Qf5 35. Qd4 Qe5 36. Rd7 Qxd4 37. Rgxd4 R8e7 38. Rd8+ Kh7 39. a4 Rb2 40. b4 a5 41. bxa5 Rc2 42. a6 bxa6 43. R8d6 Re6 44. Rxe6 1/2-1/2

[Event "Klaipeda Sea op-A 17th"]
[Site "Klaipeda"]
[Date "2020.07.25"]
[Round "6"]
[White "Savicevs, Arsenijs"]
[Black "Jablokov, Dmitrij"]
[Result "1/2-1/2"]
[WhiteElo "1623"]
[BlackElo "1962"]
[PlyCount "71"]
[EventDate "2020.07.20"]
[EventType "swiss"]
[EventRounds "7"]
[EventCountry "LTU"]
[SourceTitle "CBM 197 Extra"]
[Source "ChessBase"]
[SourceDate "2020.09.30"]
[SourceVersion "1"]
[SourceVersionDate "2020.09.30"]
[SourceQuality "1"]

1. e4 e6 2. d4 d5 3. exd5 exd5 4. Bd3 Nf6 5. Nf3 Bd6 6. 0-0 0-0 7. h3 c6 8. c3 Re8 9. Bg5 h6 10. Bxf6 Qxf6 11. Nbd2 Be6 12. Qb3 Qe7 13. Rfe1 Qc7 14. Re2 Nd7 15. Rae1 Nf6 16. Ne5 Re7 17. Ndf3 Rae8 18. Qc2 Bc8 19. b3 a6 20. c4 c5 21. cxd5 cxd4 22. Nc4 Nxd5 23. Nxd6 Qxd6 24. Rxe7 Nxe7 25. Nxd4 Bd7 26. Nf5 Nxf5 27. Rxe8+ Bxe8 28. Bxf5 Bc6 29. Be4 Bxe4 30. Qxe4 Qd7 31. Kh2 Qc7+ 32. Kg1 g6 33. Qe8+ Kg7 34. Qe4 Qc1+ 35. Kh2 Qc7+ 36. Kg1 1/2-1/2

[Event "Plunge op 40th"]
[Site "Plateliai"]
[Date "2020.07.18"]
[Round "8"]
[White "Jablokov, Dmitrij"]
[Black "Skierus, Algimantas"]
[Result "1-0"]
[WhiteElo "1962"]
[BlackElo "1901"]
[PlyCount "55"]
[EventDate "2020.07.13"]
[EventType "swiss"]
[EventRounds "9"]
[EventCountry "LTU"]
[SourceTitle "CBM 197 Extra"]
[Source "ChessBase"]
[SourceDate "2020.09.30"]
[SourceVersion "1"]
[SourceVersionDate "2020.09.30"]
[SourceQuality "1"]

1. d4 Nf6 2. c4 e6 3. g3 d5 4. Nf3 Be7 5. Bg2 0-0 6. 0-0 dxc4 7. Qa4 a6 8. Qxc4 b5 9. Qc2 Bb7 10. Bf4 Nd5 11. Bd2 Nd7 12. Nc3 c5 13. Nxd5 Bxd5 14. e4 Bb7 15. Be3 cxd4 16. Nxd4 Rc8 17. Qe2 Bc5 18. Rfd1 Qe7 19. Rac1 Rfd8 20. Nb3 Bxe3 21. Qxe3 h6 22. Qa7 Rxc1 23. Rxc1 Bc8 24. e5 Qf8 25. Qc7 g6 26. Nd4 b4 27. Nc6 Re8 28. Na7 1-0

[Event "Plunge op 40th"]
[Site "Plateliai"]
[Date "2020.07.17"]
[Round "7"]
[White "Cibulskis, Vaclovas"]
[Black "Jablokov, Dmitrij"]
[Result "1-0"]
[WhiteElo "1830"]
[BlackElo "1962"]
[PlyCount "55"]
[EventDate "2020.07.13"]
[EventType "swiss"]
[EventRounds "9"]
[EventCountry "LTU"]
[SourceTitle "CBM 197 Extra"]
[Source "ChessBase"]
[SourceDate "2020.09.30"]
[SourceVersion "1"]
[SourceVersionDate "2020.09.30"]
[SourceQuality "1"]

1. e4 e6 2. d4 d5 3. Nd2 c5 4. c3 Nc6 5. Bd3 cxd4 6. cxd4 Nxd4 7. Ngf3 Nc6 8. 0-0 Nf6 9. e5 Nd7 10. Re1 Be7 11. Nb3 Nf8 12. a3 Ng6 13. g3 0-0 14. h4 Re8 15. h5 Nf8 16. Nh2 f6 17. f4 fxe5 18. fxe5 Bg5 19. Kg2 Nd7 20. Nf3 Be7 21. Bc2 b6 22. Qd3 Nf8 23. Rf1 Bb7 24. Nbd4 Nxd4 25. Nxd4 Rc8 26. Rxf8+ Bxf8 27. Qxh7+ Kf7 28. Bg6+ 1-0

[Event "Panevezys Kveinys Memorial op"]
[Site "Panevezys"]
[Date "2020.07.03"]
[Round "9"]
[White "Baum, Jonasz"]
[Black "Jablokov, Dmitrij"]
[Result "1/2-1/2"]
[WhiteElo "2373"]
[BlackElo "1962"]
[PlyCount "80"]
[EventDate "2020.06.26"]
[EventType "swiss"]
[EventRounds "9"]
[EventCountry "LTU"]
[SourceTitle "CBM 197 Extra"]
[Source "ChessBase"]
[SourceDate "2020.09.30"]
[SourceVersion "1"]
[SourceVersionDate "2020.09.30"]
[SourceQuality "1"]

1. e4 e6 2. d4 d5 3. e5 c5 4. c3 Qb6 5. Nf3 Nc6 6. Na3 cxd4 7. cxd4 Bb4+ 8. Bd2 a6 9. Nc2 Bxd2+ 10. Qxd2 Qxb2 11. Bd3 h6 12. 0-0 Qb6 13. Qf4 Nge7 14. Qg3 g5 15. h4 gxh4 16. Qxh4 Bd7 17. Rab1 Qc7 18. Rfc1 Rg8 19. Nd2 Ng6 20. Qxh6 Qd8 21. g3 Na5 22. Ne3 Nf8 23. Nf3 Bc6 24. Bh7 Rh8 25. Ng5 Nxh7 26. Nxh7 Kd7 27. Nf6+ Kc7 28. Qf4 b5 29. Rc5 Kb7 30. a4 Qf8 31. Nc2 Qh6 32. Qxh6 Rxh6 33. Nb4 Rah8 34. Nxc6 Nxc6 35. Kg2 Nxd4 36. Ng4 Rg6 37. Nf6 Rgh6 38. Ng4 Rg6 39. Nf6 Rgh6 40. Ng4 Rg6 1/2-1/2

[Event "Panevezys Kveinys Memorial op"]
[Site "Panevezys"]
[Date "2020.06.29"]
[Round "5"]
[White "Bagdanskis, Dangis"]
[Black "Jablokov, Dmitrij"]
[Result "1/2-1/2"]
[WhiteElo "1916"]
[BlackElo "1962"]
[PlyCount "21"]
[EventDate "2020.06.26"]
[EventType "swiss"]
[EventRounds "9"]
[EventCountry "LTU"]
[SourceTitle "CBM 197 Extra"]
[Source "ChessBase"]
[SourceDate "2020.09.30"]
[SourceVersion "1"]
[SourceVersionDate "2020.09.30"]
[SourceQuality "1"]

1. d4 Nf6 2. Nf3 g6 3. Bg5 Bg7 4. Nbd2 0-0 5. e3 d6 6. c3 c5 7. Bd3 Nbd7 8. Qc2 a6 9. h4 b5 10. b3 h6 11. h5 1/2-1/2

[Event "Panevezys Kveinys Memorial op"]
[Site "Panevezys"]
[Date "2020.06.26"]
[Round "1"]
[White "Jablokov, Dmitrij"]
[Black "Steponavicius, Stasys"]
[Result "0-1"]
[WhiteElo "1962"]
[BlackElo "2183"]
[PlyCount "90"]
[EventDate "2020.06.26"]
[EventType "swiss"]
[EventRounds "9"]
[EventCountry "LTU"]
[SourceTitle "CBM 197 Extra"]
[Source "ChessBase"]
[SourceDate "2020.09.30"]
[SourceVersion "1"]
[SourceVersionDate "2020.09.30"]
[SourceQuality "1"]

1. d4 Nf6 2. c4 e6 3. g3 Bb4+ 4. Bd2 Be7 5. Bg2 d5 6. Nf3 0-0 7. 0-0 c6 8. Qc2 b6 9. cxd5 cxd5 10. Bf4 Ba6 11. Ne5 Nfd7 12. Nxd7 Nxd7 13. Nc3 Nf6 14. Qa4 Bb7 15. Rac1 a6 16. Qb3 Bd6 17. Bg5 h6 18. Bxf6 gxf6 19. e4 dxe4 20. Nxe4 Bd5 21. Qe3 Kg7 22. Bh3 f5 23. Nc3 Bb7 24. d5 Bc5 25. Qe5+ Qf6 26. Qc7 Bxd5 27. Nxd5 exd5 28. b4 Rac8 29. Qf4 Bd6 30. Qf3 Rxc1 31. Rxc1 Bxb4 32. Bxf5 Bc5 33. Qxd5 Rd8 34. Qf3 Rd2 35. Qg4+ Kf8 36. Qf4 Rxf2 37. Qb8+ Kg7 38. Rxc5 Re2 39. Qf4 bxc5 40. Qg4+ Qg5 41. Qxe2 Qxf5 42. Qxa6 Qc2 43. Qc6 Qb1+ 44. Kf2 Qxa2+ 45. Ke3 Qe6+ 0-1

[Event "Klaipeda-ch"]
[Site "Klaipeda"]
[Date "2020.03.15"]
[Round "11"]
[White "Ionin, Ilja"]
[Black "Jablokov, Dmitrij"]
[Result "0-1"]
[WhiteElo "1503"]
[BlackElo "1896"]
[PlyCount "82"]
[EventDate "2020.01.19"]
[EventType "tourn"]
[EventRounds "11"]
[EventCountry "LTU"]
[SourceTitle "CBM 195 Extra"]
[Source "ChessBase"]
[SourceDate "2020.05.31"]
[SourceVersion "1"]
[SourceVersionDate "2020.05.31"]
[SourceQuality "1"]

1. c4 Nf6 2. g3 g6 3. Bg2 d5 4. Nc3 dxc4 5. Qa4+ Nfd7 6. Qxc4 Bg7 7. Nf3 0-0 8. 0-0 Nc6 9. d3 Nb6 10. Qb3 Bg4 11. Bf4 Bxf3 12. Bxf3 Nd4 13. Qd1 Nxf3+ 14. exf3 c6 15. Re1 Re8 16. Re2 Nd5 17. Nxd5 Qxd5 18. Rd2 Rad8 19. Kg2 Rd7 20. Qe2 Red8 21. Rad1 Qxa2 22. Qe4 Qd5 23. Qa4 a6 24. Be3 Bd4 25. Qb4 Be5 26. Bc5 Bd6 27. d4 Qe6 28. Qc3 Qf6 29. Bb6 Bc7 30. Bc5 e6 31. Qe3 Rd5 32. Bb4 Bb6 33. Bc3 e5 34. dxe5 Bxe3 35. Rxd5 Rxd5 36. exf6 Rxd1 37. fxe3 c5 38. e4 Kf8 39. e5 b5 40. Kf2 b4 41. Be1 Rb1 0-1

[Event "Klaipeda-ch"]
[Site "Klaipeda"]
[Date "2020.03.08"]
[Round "9"]
[White "Pakalniskis, Romas"]
[Black "Jablokov, Dmitrij"]
[Result "0-1"]
[WhiteElo "1654"]
[BlackElo "1896"]
[PlyCount "96"]
[EventDate "2020.01.19"]
[EventType "tourn"]
[EventRounds "11"]
[EventCountry "LTU"]
[SourceTitle "CBM 195 Extra"]
[Source "ChessBase"]
[SourceDate "2020.05.31"]
[SourceVersion "1"]
[SourceVersionDate "2020.05.31"]
[SourceQuality "1"]

1. d4 Nf6 2. c4 g6 3. Nc3 d5 4. cxd5 Nxd5 5. e4 Nxc3 6. bxc3 Bg7 7. Bc4 c5 8. Be3 Qa5 9. Qd2 Nc6 10. Ne2 cxd4 11. cxd4 Qxd2+ 12. Kxd2 0-0 13. Rhe1 Na5 14. Rac1 Bd7 15. Bd3 Rfc8 16. Rxc8+ Rxc8 17. Rc1 e6 18. Rxc8+ Bxc8 19. d5 exd5 20. exd5 b6 21. f3 Bd7 22. Nc3 Be5 23. h3 Kf8 24. Nb5 Bb8 25. Bd4 Ke7 26. Bc3 Nb7 27. Bb4+ Kd8 28. Nd4 Bd6 29. Bxd6 Nxd6 30. Kc3 Kc7 31. Kb4 a5+ 32. Kc3 f6 33. h4 b5 34. a3 Kb6 35. Ne6 Bxe6 36. dxe6 Kc6 37. h5 gxh5 38. Bxh7 Nc8 39. Bg6 h4 40. Be8+ Kc5 41. Bh5 Ne7 42. Be8 Nd5+ 43. Kb3 b4 44. axb4+ axb4 45. Bd7 Kd6 46. Bc8 Ke7 47. Bd7 Nf4 48. Kxb4 Nxg2 0-1

[Event "Klaipeda Sea rapid op 16th"]
[Site "Klaipeda"]
[Date "2019.07.27"]
[Round "7"]
[White "Jablokov, Dmitrij"]
[Black "Zozulia, Alexander"]
[Result "1/2-1/2"]
[WhiteElo "1896"]
[BlackElo "2051"]
[PlyCount "68"]
[EventDate "2019.07.27"]
[EventType "swiss (rapid)"]
[EventRounds "7"]
[EventCountry "LTU"]
[SourceTitle "CBM 191 Extra"]
[Source "ChessBase"]
[SourceDate "2019.09.30"]
[SourceVersion "1"]
[SourceVersionDate "2019.09.30"]
[SourceQuality "1"]

1. Nf3 d6 2. d4 Nf6 3. g3 g6 4. Bg2 Bg7 5. 0-0 0-0 6. c4 Nc6 7. Nc3 e5 8. d5 Nb8 9. e4 Nbd7 10. Ne1 a5 11. Nd3 Nh5 12. f4 exf4 13. Nxf4 Nxf4 14. Bxf4 Ne5 15. Qb3 Bg4 16. a4 Qc8 17. Nb5 Qd7 18. Nd4 Bh3 19. Nf3 Nxf3+ 20. Rxf3 Bxg2 21. Kxg2 b6 22. Re1 Rae8 23. Qc2 f5 24. Rfe3 fxe4 25. Rxe4 Rxe4 26. Rxe4 Re8 27. b3 Kf7 28. Qe2 Rxe4 29. Qxe4 Bf6 30. Bd2 Be5 31. Qf3+ Kg7 32. Qe3 Qf5 33. Qh6+ Kg8 34. Qe3 Kg7 1/2-1/2

[Event "Plunge op-A 39th"]
[Site "Plateliai"]
[Date "2019.07.20"]
[Round "8"]
[White "Barsciauskas, Gintautas"]
[Black "Jablokov, Dmitrij"]
[Result "0-1"]
[WhiteElo "1571"]
[BlackElo "1993"]
[PlyCount "66"]
[EventDate "2019.07.15"]
[EventType "swiss"]
[EventRounds "9"]
[EventCountry "LTU"]
[SourceTitle "EXT 2020"]
[Source "ChessBase"]
[SourceDate "2019.10.17"]
[SourceVersion "1"]
[SourceVersionDate "2019.10.17"]
[SourceQuality "1"]

1. Nf3 Nf6 2. d4 g6 3. c4 Bg7 4. Nc3 d5 5. e3 0-0 6. Be2 c5 7. 0-0 cxd4 8. Nxd4 Nc6 9. Nxc6 bxc6 10. cxd5 cxd5 11. Bf3 e6 12. Rb1 Ba6 13. Re1 Rb8 14. b3 Qa5 15. Bb2 Rfd8 16. a3 Ne4 17. Na4 Bxb2 18. Rxb2 Bb5 19. Ra2 Bxa4 20. bxa4 Nc5 21. Rc2 Nxa4 22. Qc1 Nb6 23. Rc5 Qa4 24. Bd1 Qh4 25. Rc7 Rdc8 26. a4 Qd8 27. Rc3 Qf6 28. Rc2 Rxc2 29. Qxc2 Rc8 30. Qb1 Qc3 31. Bb3 Qb4 32. Qd1 Rc3 33. Bc2 Rxc2 0-1

[Event "LTU-ch"]
[Site "Vilnius"]
[Date "2019.03.17"]
[Round "5"]
[White "Jablokov, Dmitrij"]
[Black "Juknis, Paulius"]
[Result "1/2-1/2"]
[WhiteElo "1859"]
[BlackElo "2219"]
[PlyCount "42"]
[EventDate "2019.03.15"]
[EventType "swiss"]
[EventRounds "9"]
[EventCountry "LTU"]
[SourceTitle "CBM 189 Extra"]
[Source "ChessBase"]
[SourceDate "2019.05.31"]
[SourceVersion "1"]
[SourceVersionDate "2019.05.31"]
[SourceQuality "1"]

1. d4 d5 2. c4 c6 3. Nc3 Nf6 4. e3 e6 5. Nf3 a6 6. Bd3 dxc4 7. Bxc4 b5 8. Bd3 c5 9. dxc5 Bxc5 10. 0-0 Bb7 11. a3 0-0 12. b4 Ba7 13. Bb2 Nbd7 14. Qe2 Qe7 15. Rfd1 Rfd8 16. Rac1 Rac8 17. Nb1 Rxc1 18. Rxc1 Bb8 19. Nbd2 Qd6 20. Rd1 Nf8 21. Nf1 Qe7 1/2-1/2

[Event "LTU-ch"]
[Site "Vilnius"]
[Date "2019.03.16"]
[Round "2"]
[White "Jablokov, Dmitrij"]
[Black "Zaksaite, Salomeja"]
[Result "1/2-1/2"]
[WhiteElo "1859"]
[BlackElo "2260"]
[PlyCount "102"]
[EventDate "2019.03.15"]
[EventType "swiss"]
[EventRounds "9"]
[EventCountry "LTU"]
[SourceTitle "CBM 189 Extra"]
[Source "ChessBase"]
[SourceDate "2019.05.31"]
[SourceVersion "1"]
[SourceVersionDate "2019.05.31"]
[SourceQuality "1"]

1. d4 Nf6 2. c4 g6 3. Nf3 Bg7 4. g3 d5 5. Bg2 dxc4 6. Qa4+ Nfd7 7. Qxc4 0-0 8. 0-0 Nc6 9. Rd1 Nb6 10. Qd3 Bg4 11. Na3 Qc8 12. Nc2 Rd8 13. Qb3 e5 14. Bg5 Be6 15. Qe3 Nc4 16. Qc1 Rd7 17. Nxe5 N6xe5 18. dxe5 Bxe5 19. Rxd7 Qxd7 20. Rb1 c6 21. b3 Nb6 22. e4 c5 23. Na3 Rc8 24. Qd2 Qxd2 25. Bxd2 Nd7 26. Be3 Bd4 27. Bxd4 cxd4 28. Rd1 Ne5 29. f4 Ng4 30. Bf3 h5 31. Rxd4 Rc1+ 32. Rd1 Rc3 33. Rd8+ Kg7 34. Kg2 a5 35. Rd2 a4 36. Nb5 Rc1 37. Nd4 a3 38. Nxe6+ fxe6 39. Bxg4 hxg4 40. Kf2 Kf6 41. Ke3 b5 42. Kd3 g5 43. Rc2 Rd1+ 44. Ke3 b4 45. Rd2 gxf4+ 46. gxf4 Rb1 47. Kf2 Rb2 48. Re2 Kg6 49. Ke3 Kf6 50. Rd2 Rb1 51. Re2 Rf1 1/2-1/2

[Event "Klaipeda-ch"]
[Site "Klaipeda"]
[Date "2019.03.03"]
[Round "9"]
[White "Pidluznij, Gleb"]
[Black "Jablokov, Dmitrij"]
[Result "0-1"]
[WhiteElo "1911"]
[BlackElo "1851"]
[PlyCount "90"]
[EventDate "2019.01.20"]
[EventType "tourn"]
[EventRounds "11"]
[EventCountry "LTU"]
[SourceTitle "CBM 189 Extra"]
[Source "ChessBase"]
[SourceDate "2019.05.31"]
[SourceVersion "1"]
[SourceVersionDate "2019.05.31"]
[SourceQuality "1"]

1. d4 Nf6 2. c4 g6 3. Nf3 Bg7 4. Nc3 d5 5. cxd5 Nxd5 6. Bd2 0-0 7. e4 Nb6 8. Be3 Nc6 9. Be2 Bg4 10. d5 Bxf3 11. Bxf3 Ne5 12. Be2 Nec4 13. Bc1 c6 14. dxc6 Qxd1+ 15. Kxd1 bxc6 16. Kc2 Rfd8 17. b3 Nd6 18. Bd2 Nb5 19. Rad1 Rxd2+ 20. Rxd2 Nxc3 21. f3 Nxa2 22. Rhd1 Be5 23. Rd8+ Rxd8 24. Rxd8+ Kg7 25. g3 g5 26. Re8 Nb4+ 27. Kd2 Bd6 28. e5 Bc5 29. f4 gxf4 30. gxf4 N4d5 31. f5 Be3+ 32. Kd3 Bf4 33. Ke4 Bxh2 34. Bh5 Nd7 35. Ra8 Bxe5 36. Rxa7 Bb8 37. Ra8 N5f6+ 38. Ke3 Nxh5 39. Ra6 c5 40. Rc6 Bf4+ 41. Ke4 Bd6 42. Kd5 Nhf6+ 43. Kc4 Ne5+ 44. Kb5 Nxc6 45. Kxc6 h5 0-1